| 000 | 00595ntaaa2200217 4500 | ||
|---|---|---|---|
| 003 | 01 | ||
| 005 | 20251027201817.0 | ||
| 008 | 0714s1973 ag 01 | ||
| 020 | _a0829708561 | ||
| 040 |
_aAR-BaBN _bspa _cAR-BaBN _eaacr _dRIC |
||
| 082 | _a243.0000 G87r | ||
| 100 |
_aGriffiths, Michael _99356 |
||
| 245 | _aRedescubrimiento de Dios | ||
| 250 | _a1 ed. | ||
| 260 |
_aDeerfield, Fl. : _bVida, _c1990 |
||
| 300 |
_a168 p ; _c18 cm |
||
| 500 | _aContiene referencias bibliograficas | ||
| 650 |
_aevangelizacion-escritos para inconversos _96747 |
||
| 650 |
_aDios-doctrinas _916556 |
||
| 942 | _cBK | ||
| 999 |
_c12790 _d12790 |
||